000 00309nam a22001337a 4500
008 170222b xxu||||| |||| 00| 0 eng d
020 _a9780721699462
041 _aeng
080 _24TH
_a616.31
100 _a5
101 _aSHS
245 _aORAL PATHOLOGY FOR THE DENTAL HYGIENIST
_cIBSEN
942 _2udc
_cBK
999 _c6053
_d6053